A carregar...
Arangozhiyatha V T
| Autor principal: | |
|---|---|
| Formato: | Printed Book |
| Publicado em: |
Trivandrum
Chintha publishers
2011
|
| Assuntos: |
| LEADER | 00437nam a22001217a 4500 | ||
|---|---|---|---|
| 082 | |a 303.484092 |b ASO.A | ||
| 100 | |a Mathramkottu Asokan | ||
| 245 | |a Arangozhiyatha V T | ||
| 260 | |a Trivandrum |b Chintha publishers |c 2011 | ||
| 650 | |a V T Bhattathirippadu |a Kerala renaissance | ||
| 942 | |c BK | ||
| 999 | |c 4789 |d 4789 | ||
| 952 | |0 0 |1 0 |4 0 |6 303_484092000000000_ASO_A |7 0 |8 NFIC |9 4772 |a CAMPUS |b CAMPUS |d 2015-05-30 |l 0 |o 303.484092 ASO.A |p 15916 |r 2015-05-30 |w 2015-05-30 |y BK | ||